Statistics for U.S. States with U in their name

Click here to take the quiz!

General Stats

  • This quiz has been taken 46 times
  • The average score is 6 of 8

Answer Stats

# of U'sU.S. State% Correct
1Utah
93%
1Massachusetts
79%
1Missouri
74%
1Kentucky
71%
1Louisiana
71%
1South Carolina
69%
1South Dakota
69%
1Connecticut
57%

Score Distribution

Percentile by Number Answered

Percent of People with Each Score

Your Score History

You have not taken this quiz